000 00577nam a2200229Ia 4500
003 OSt
005 20220924145607.0
006 a|||||r|||| 00| 0
007 ta
008 220923b |||||||| |||| 00| 0 tel d
024 _a329483
037 _cTextual
040 _aARTS
_cARTS
_btel
041 _2tel
_atel
082 _aO142,2M28,2, 35L0
100 _aTolstoy
_9203990
245 0 _aCheekelurd jyoti
260 _c1970
650 _aRUSSIAN LITERATURE
_915056
942 _hO142,2M28,2, 35L0
_cTEXL
_2CC
999 _c460592
_d460592